|
|
|
|
| LEADER |
00849pam a22002298a 4500 |
| 001 |
00044740 |
| 005 |
20191003111056.0 |
| 008 |
170515s2006 ||||||Viesd |
| 020 |
# |
# |
|c 72000
|a 9786045749135
|
| 041 |
0 |
# |
|a Vie
|
| 082 |
1 |
4 |
|a 327.597 051 95
|b V308N
|
| 100 |
1 |
# |
|a Nguyễn, Văn Lan
|e Chủ biên
|
| 245 |
1 |
0 |
|b 25 năm hợp tác, phát triển (1992-2017) và triển vọng đến năm 2022
|a Việt Nam - Hàn Quốc
|c Nguyễn Văn Lan (ch.b)
|
| 260 |
# |
# |
|a Hà Nội
|b Chính trị Quốc gia
|c 2019
|
| 300 |
# |
# |
|a 224 tr.
|c 21 cm
|
| 653 |
# |
# |
|a 1992-2017
|
| 653 |
# |
# |
|a Hàn Quốc
|
| 653 |
# |
# |
|a Quan hệ ngoại giao
|
| 653 |
# |
# |
|a Việt Nam
|
| 852 |
# |
# |
|j KM.0031531
|j KM.0031532
|j KD.0025403
|
| 910 |
# |
# |
|d 3/10/2019
|
| 980 |
# |
# |
|a Trung tâm Học liệu Lê Vũ Hùng, Trường Đại học Đồng Tháp
|